Römische Götter - Statistiken

Allgemein
  • Dieses Quiz wurde 127 mal gespielt
  • Das Durchschnittsergebnis liegt bei 7 aus 12
Antwortstatistiken
Hint Antwort % Korrekt
König der Götter Jupiter
92%
Gott des Krieges Mars
92%
Göttin der Liebe Venus
84%
Gott des Meeres Neptun
81%
Götterbote / Gott der Reisenden Merkur
65%
Göttin der Jagd Diana
54%
Göttin der Familie Juno
45%
Gott der Kunst und Musik Apollo
38%
Göttin der Weisheit Minerva
36%
Gott der Schmiedekunst Vulcanus
27%
Göttin des Ackerbaus Ceres
23%
Göttin des Herdfeuers Vesta
19%
Keine übereinstimmenden Quizze gefunden
Verteilung der Resultate
Anzahl Personen mit jedem Resultat
Perzentil nach korrekt beantworteten Fragen
Ihre Resultats-Entwicklung
Sie haben dieses Quiz noch nicht gespielt